书目信息 |
| 题名: |
给真爱一个空间
|
|
| 作者: | 东方笑 主编 | |
| 分册: | ||
| 出版信息: | 北京 中国民航出版社 2005.06 |
|
| 页数: | 247页 | |
| 开本: | 21cm | |
| 丛书名: | 感悟人生 | |
| 单 册: | ||
| 中图分类: | B821 | |
| 科图分类: | ||
| 主题词: | 人生哲学--ren sheng zhe xue--通俗读物 | |
| 电子资源: | ||
| ISBN: | 7-80110-662-8 | |
| 000 | 00831nam 2200241 450 | |
| 001 | 012007849453 | |
| 005 | 20070924153916.57 | |
| 010 | @a7-80110-662-8@dCNY19.80 | |
| 100 | @a20070816d2005 km y0chiy0120 ea | |
| 101 | 0 | @achi |
| 102 | @aCN@b110000 | |
| 105 | @aa z 000yy | |
| 200 | 1 | @a给真爱一个空间@Agei zhen ai yi ge kong jian@f东方笑主编@Fdong fang xiao zhu bian |
| 210 | @a北京@c中国民航出版社@d2005.06 | |
| 215 | @a247页@c图@d21cm | |
| 225 | 2 | @a感悟人生@Agan wu ren sheng@i心灵咖啡 |
| 330 | @a本文集分为“笑如春风”、“真爱无限”、“快乐很简单”、“真情一瞬间”、“阳光明媚的日子”、“爱没有边崖”六个部分。 | |
| 410 | 0 | @12001 @a感悟人生@i心灵咖啡 |
| 606 | 0 | @a人生哲学@Aren sheng zhe xue@j通俗读物 |
| 690 | @aB821@v4 | |
| 701 | 0 | @a东方笑@Adong fang xiao@4主编 |
| 801 | 0 | @aCN@c20070924 |
| 905 | @dB821@eD663 | |
| 给真爱一个空间/东方笑主编.-北京:中国民航出版社,2005.06 |
| 247页:图;21cm.-(感悟人生.心灵咖啡) |
| ISBN 7-80110-662-8:CNY19.80 |
| 本文集分为“笑如春风”、“真爱无限”、“快乐很简单”、“真情一瞬间”、“阳光明媚的日子”、“爱没有边崖”六个部分。 |
| ● |
| 相关链接 |
|
|
|
正题名:给真爱一个空间
索取号:B821/D663
 
预约/预借
| 序号 | 登录号 | 条形码 | 馆藏地/架位号 | 状态 | 备注 |
| 1 | 259048 | 202590482 | 社科库509/504自科库 41排6列4层/ [索取号:B821/D663] | 在馆 | |
| 2 | 259049 | 202590491 | 社科库509/509社科库 21排4列5层/ [索取号:B821/D663] | 在馆 | |
| 3 | 259050 | 202590507 | 社科库509/509社科库 21排4列5层/ [索取号:B821/D663] | 在馆 |